Principles and methods of psychology / (Record no. 35710)

MARC details
000 -LEADER
fixed length control field 00964nam a2200253 i 4500
001 - CONTROL NUMBER
control field 3623601
005 - DATE AND TIME OF LATEST TRANSACTION
control field 19750506000000.0
008 - FIXED-LENGTH DATA ELEMENTS--GENERAL INFORMATION
fixed length control field 750428s1975 nyua b 001 0 eng
010 ## - LIBRARY OF CONGRESS CONTROL NUMBER
LC control number 74016660
040 ## - CATALOGING SOURCE
Original cataloging agency DLC
Transcribing agency DLC
Modifying agency DLC
050 00 - LIBRARY OF CONGRESS CALL NUMBER
Classification number BF121
Item number .L39 1975
100 1# - MAIN ENTRY--PERSONAL NAME
Personal name Lawson, Robert B.
245 10 - TITLE STATEMENT
Title Principles and methods of psychology /
Statement of responsibility, etc Robert B. Lawson, Steven G. Goldstein, Richard E. Musty.
260 ## - PUBLICATION, DISTRIBUTION, ETC. (IMPRINT)
Place of publication, distribution, etc New York :
Name of publisher, distributor, etc Oxford University Press,
Date of publication, distribution, etc 1975.
300 ## - PHYSICAL DESCRIPTION
Extent xvi, 528 p. :
Other physical details ill. ;
Dimensions 24 cm.
500 ## - GENERAL NOTE
General note Anaglyphoscope inserted in pocket attached to back cover.
504 ## - BIBLIOGRAPHY, ETC. NOTE
Bibliography, etc Includes bibliographies and indexes.
650 #0 - SUBJECT ADDED ENTRY--TOPICAL TERM
Topical term or geographic name as entry element Psychology.
700 1# - ADDED ENTRY--PERSONAL NAME
Personal name Goldstein, Steven G.,
Relator term joint author.
700 1# - ADDED ENTRY--PERSONAL NAME
Personal name Musty, Richard E.,
Relator term joint author.
906 ## - LOCAL DATA ELEMENT F, LDF (RLIN)
a 7
b cbc
c orignew
d 2
e ocip
f 19
g y-gencatlg
942 ## - ADDED ENTRY ELEMENTS (KOHA)
Source of classification or shelving scheme Library of Congress Classification
Item type Book
Holdings
Withdrawn status Lost status Source of classification or shelving scheme Damaged status Not for loan Collection code Home library Current library Shelving location Date acquired Full call number Barcode Copy number Price effective from Koha item type Public note
Withdrawn   Library of Congress Classification     Non-fiction Bishop Okullu Memorial Library (Limuru Campus) Bishop Okullu Memorial Library (Limuru Campus) General Circulation 15/10/2009 BF121 .L39 1975 011089 1 15/10/2009 Book Last borrowed 2006